000 00340nam a2200145Ia 4500
005 20251222144733.0
008 251222s9999||||xx |||||||||||||| ||spa||
020 _a9589138519
082 _a769.098/V67
100 _aVillegas, Benjamín
245 0 _aMuseos de Bogotá
250 _a1ra.ed.
264 _bEditores Villegas
942 _cLIB
999 _c18670
_d18670